ARRUPE JESUIT UNIVERSITY

CORONAVIRUS -STOP THE SPREAD - CLEAN,DISINFECT,COVER

Man's western quest (Record no. 120909)

MARC details
000 -LEADER
fixed length control field 00528nam a22001577a 4500
008 - FIXED-LENGTH DATA ELEMENTS--GENERAL INFORMATION
fixed length control field 140923b xxu||||| |||| 00| 0 eng d
050 ## - LIBRARY OF CONGRESS CALL NUMBER
Classification number CB19.R653
100 ## - MAIN ENTRY--PERSONAL NAME
Personal name Rougemont, Denis de
9 (RLIN) 11494
245 ## - TITLE STATEMENT
Title Man's western quest
Remainder of title the principles of civilisation /
Statement of responsibility, etc Denis de Rougemont
260 ## - PUBLICATION, DISTRIBUTION, ETC. (IMPRINT)
Place of publication, distribution, etc London
Name of publisher, distributor, etc George Allen & Unwin
Date of publication, distribution, etc 1957
300 ## - PHYSICAL DESCRIPTION
Extent xii,197p. :
Dimensions 19cm.
440 ## - SERIES STATEMENT/ADDED ENTRY--TITLE
Title World Perspectives
Number of part/section of a work No.13
9 (RLIN) 11610
650 ## - SUBJECT ADDED ENTRY--TOPICAL TERM
Topical term or geographic name as entry element Civilisation
General subdivision Philosophy
9 (RLIN) 11495
650 ## - SUBJECT ADDED ENTRY--TOPICAL TERM
Topical term or geographic name as entry element Civilisation
General subdivision Western
9 (RLIN) 11496
942 ## - ADDED ENTRY ELEMENTS (KOHA)
Source of classification or shelving scheme Library of Congress Classification
Item type Monograph ( Printed materials)
Holdings
Withdrawn status Lost status Source of classification or shelving scheme Damaged status Not for loan Collection code Home library Current library Shelving location Date acquired Total Checkouts Full call number Barcode Date last seen Price effective from Koha item type
    Library of Congress Classification     Main Collection ARRUPE LIBRARY ARRUPE LIBRARY Main Collection 23/09/2014   CB19.R653 46500000231 10/10/2017 23/09/2014 Monograph ( Printed materials)

 

Arrupe Library. PO Box MP320 Mt Pleasant, Harare, Zimbabwe
263 242 745411|librarian@aju.ac.zw